Špeciálna psychiatria

Bibliographic Details
Main Authors: Kolibáš, Eduard, 1938- (Author), Čaplová, Tatiana, 1945- (Author), Fleischer, Juraj, 1937-2012 (Author), Pečaňák, Ján (Author), Pogády, Jozef, 1924-2004 (Author), Polák, Ľudovít (Author), Vojdičková, Katarína (Author), Žucha, Ivan, 1935-2009 (Author)
Format: Book
Language:Slovak
PhysicalDescription:227 s. 24 cm
Published: Bratislava Univerzita Komenského 1998
ISBN:802231272X
Edition:2. vyd.
Subjects:

MARC

LEADER 00000nam a2200000 a 4500
001 vtls001355866
003 SK-MaSNL
005 20260301010516.0
008 240314s1998 xo a r y slo
015 |a SNBA1999/05-01551 
020 |a 802231272X 
035 |a SNK000309336 
035 |a urn:nbn:sk:snk-amkiym 
035 |a urn:nbn:sk:snk-am008hji 
035 |a C287D28F-CDF9-4C68-8196-5E4B76DF2A55 
040 |a SNK  |b slo  |c SNK  |e AACR2 
041 0 |a slo 
044 |a xo  |c SK 
080 |a 616.89  |2 1981 
100 1 |a Kolibáš, Eduard,  |d 1938-  |4 aut  |9 13608 
245 1 0 |a Špeciálna psychiatria  |c Eduard Kolibáš a kolektív 
250 |a 2. vyd. 
260 |a Bratislava  |b Univerzita Komenského  |c 1998 
300 |a 227 s.  |c 24 cm 
500 |a 1000 výt. 
504 |a Bibliogr. s. 223 
650 0 7 |a psychiatria špeciálna  |x monografie  |2 SNK  |9 292431 
655 7 |a príručky  |2 SNK  |9 74364 
700 1 |a Čaplová, Tatiana,  |d 1945-  |4 aut  |9 216346 
700 1 |a Fleischer, Juraj,  |d 1937-2012  |4 aut  |9 233783 
700 1 |a Pečaňák, Ján  |4 aut  |9 292432 
700 1 |a Pogády, Jozef,  |d 1924-2004  |4 aut  |9 142592 
700 1 |a Polák, Ľudovít  |4 aut  |9 15301 
700 1 |a Vojdičková, Katarína  |4 aut  |9 292433 
700 1 |a Žucha, Ivan,  |d 1935-2009  |4 aut  |9 249788 
919 |a 80-223-1272-X 
958 |a TL 
958 |a NB 
999 |c 548301  |d 550231 
952 |t P60, <03>, [BOOK], {603}  |a SNK  |b SNK  |y PREZ  |7 0  |p 17A0181188  |o snkSC 97932  |i snkKSP 1910/99  |0 0  |1 0  |4 0  |d 1999-02-24  |f 1  |l 0  |r 2025-09-18 00:00:00  |w 2026-02-23 
952 |t P60, <04>, [BOOK], {604}  |a SNK  |b SNK  |y VYP  |7 0  |p 17A0181187  |o snkSC 97932 D1  |i snkKSP 1911/99  |0 0  |1 0  |4 0  |d 1999-02-24  |l 0  |r 2005-01-02 00:00:00  |w 2026-02-23